[Event "Bad Woerishofen op"]
[Site "Bad Woerishofen"]
[Date "1997.??.??"]
[Round "1"]
[White "Romanishin, Oleg M"]
[Black "Mittelsteiner, Horst"]
[Result "1-0"]
[WhiteElo "2555"]
[BlackElo "2015"]

1.d4 d5 2.c4 c6 3.Nf3 Nf6 4.Nc3 dxc4 5.a4 Bf5 6.e3 e6 7.Bxc4 Bb4 8.O-O O-O
9.Qb3 a5 10.Na2 Qe7 11.Nxb4 Qxb4 12.Qxb4 axb4 13.Bd2 Nbd7 14.Bxb4 Rfe8 15.Rfc1 Nb6
16.Bb3 Nbd5 17.Be1 Nd7 18.a5 Bd3 19.Nd2 Rec8 20.Nc4 Bxc4 21.Bxc4 Nb8 22.e4 Nf6
23.f3 h6 24.b4 Rd8 25.Bf2 Na6 26.b5 Nb8 27.Bf1 Ne8 28.bxc6 Nxc6 29.a6 Nxd4
30.axb7 Rxa1 31.Rxa1 Nc6 32.Ra8  1-0

[Event "Bad Woerishofen op"]
[Site "Bad Woerishofen"]
[Date "1997.??.??"]
[Round "5"]
[White "Gabriel, Christian"]
[Black "Milov, Leonid"]
[Result "1/2-1/2"]
[WhiteElo "2570"]
[BlackElo "2480"]

1.d4 d5 2.c4 c6 3.Nf3 Nf6 4.Nc3 dxc4 5.a4 Bf5 6.e3 e6 7.Bxc4 Bb4 8.O-O O-O
9.Qe2 Bg6 10.Ne5 Nbd7 11.Nxg6 hxg6 12.Rd1 Qa5 13.Bd2 Rad8 14.Be1 Nb6 15.Bb3 c5
16.dxc5 Nbd7 17.c6 bxc6 18.Rd4 Nc5 19.Bc2 Rxd4 20.exd4 Ncd7 21.Qc4 c5 22.dxc5 Rc8
23.c6 Ne5 24.Qb5 Nxc6 25.Rd1 Qxb5 26.axb5 Ne5 27.Bb3 Kf8 28.Kf1 Nfd7 29.Ra1 Bc5
30.Ra6 Nb8 31.Ra1 Nbd7 32.Ke2 Rc7 33.h4 Nb6 34.Na4 Nxa4 35.Rxa4 Nd7 36.Bc3 Nb6
37.Rg4 Nd5 38.Rc4 Nxc3+ 39.bxc3 f5 40.f4 Ke7 41.Kf3 Kd6 42.Ra4 Bb6 43.Rc4 Bc5
44.Ra4 Re7 45.Ra2 e5  1/2-1/2

[Event "Stadtcasino op"]
[Site "Baden"]
[Date "1997.??.??"]
[Round "?"]
[White "Pelletier, Yannick"]
[Black "Haas, Carmi"]
[Result "1-0"]
[WhiteElo "2470"]
[BlackElo "2230"]

1.d4 d5 2.c4 c6 3.Nf3 Nf6 4.Nc3 dxc4 5.a4 Bf5 6.Ne5 e6 7.f3 Bb4 8.e4 Bxe4
9.fxe4 Nxe4 10.Bd2 Qxd4 11.Nxe4 Qxe4+ 12.Qe2 Bxd2+ 13.Kxd2 Qd5+ 14.Kc3 O-O
15.Nxc4 b5 16.Ne3 Qc5+ 17.Kb3 Na6 18.axb5 Rab8 19.Rxa6 Rxb5+ 20.Ka2 Rfb8
21.Nc4 Qb4 22.Qc2 Qe1 23.g3 Qb4 24.Ra4  1-0

[Event "Baku"]
[Site "Baku"]
[Date "1997.??.??"]
[Round "2"]
[White "Guseinov, Aidyn"]
[Black "Soylu, Suat"]
[Result "1-0"]
[WhiteElo "2430"]
[BlackElo "2395"]

1.d4 d5 2.c4 c6 3.Nc3 Nf6 4.Nf3 dxc4 5.a4 Bf5 6.Nh4 Bc8 7.e3 e6 8.Bxc4 Be7
9.Nf3 c5 10.O-O O-O 11.Qe2 Nc6 12.Rd1 Qc7 13.h3 b6 14.Nb5 Qb8 15.dxc5 Bxc5
16.e4 e5 17.Bg5 Nh5 18.Bd5 Bb7 19.Nh4 Nf4 20.Qg4 Bc8 21.Nf5 Bxf5 22.exf5 h5
23.Qf3 Nxd5 24.Rxd5 Qc8 25.Rc1 f6 26.Be3 Ne7 27.Bxc5 bxc5 28.Rdxc5 Qxf5 29.Qb7 a6
30.Qxe7 axb5 31.Rc7 Qg6 32.axb5 Rab8 33.Qc5 Qd3 34.Rc3 Qd1+ 35.Kh2 Kh8 36.Rg3 Rg8
37.Qe7 Qd8 38.Qf7 Qe8 39.Rxg7 Qxf7 40.Rgxf7 Rg6 41.Rb7 Rxb7 42.Rxb7 f5 43.Re7 e4
44.Rf7  1-0

[Event "Baku"]
[Site "Baku"]
[Date "1997.??.??"]
[Round "6"]
[White "Guseinov, Aidyn"]
[Black "Guliev, Sarhan"]
[Result "1-0"]
[WhiteElo "2430"]
[BlackElo "2425"]

1.d4 d5 2.c4 c6 3.Nf3 Nf6 4.Nc3 dxc4 5.a4 Bf5 6.Nh4 e6 7.Nxf5 exf5 8.e3 Bb4
9.Bxc4 O-O 10.O-O Nbd7 11.h3 Qe7 12.Qf3 g6 13.g4 fxg4 14.hxg4 Rae8 15.g5 Bxc3
16.gxf6 Qb4 17.bxc3 Qxc4 18.e4 c5 19.Bh6 cxd4 20.Bxf8 Kxf8 21.cxd4 Qxd4 22.Rfd1 Qb2
23.Rab1 Qxf6 24.Qa3+ Qe7 25.Qxe7+ Rxe7 26.Rxb7 Nc5 27.Rd8+  1-0

[Event "Baku"]
[Site "Baku"]
[Date "1997.??.??"]
[Round "6"]
[White "Bagirov, Rufat"]
[Black "Mirzoev, Azer"]
[Result "1/2-1/2"]
[WhiteElo "2320"]
[BlackElo "2430"]

1.d4 d5 2.Nf3 Nf6 3.c4 c6 4.Nc3 dxc4 5.a4 Bf5 6.Ne5 e6 7.f3 c5 8.e4 Bg6 9.Be3 cxd4
10.Qxd4 Qxd4 11.Bxd4 a6 12.Bxc4 Nfd7 13.Nxd7 Kxd7 14.O-O-O Ke8 15.f4 Nc6
16.Bb6 Rc8 17.g4 h5 18.f5 Ne5 19.Bb3 Bh7 20.fxe6 fxe6 21.Bd4 Nxg4 22.Bxe6 Rc6
23.Bd5 Rc7 24.Bb6 Rd7 25.a5 Bg8 26.h3 Ne5 27.Rhf1 Be7 28.Rf5 Nc4 29.Bd4 Nd6
30.Rf3 Bxd5 31.exd5 Rf8 32.Rfd3 Rf7 33.Bc5 Bg5+ 34.Kb1 Rfe7 35.Na4 Re2 36.Bxd6 Rxd6
37.Nb6 Rf6 38.d6 Rff2 39.d7+ Kd8 40.Nc4 Rc2 41.Re1 Rfe2 42.Rxe2 Rxe2 43.Nd6 Kxd7
44.Ne4+ Ke7 45.Nxg5 Re5 46.Nf3 Rxa5 47.h4 Kf6 48.Kc2 Kf5 49.Kd2 Kf4 50.Ke2 Rb5
51.Rd4+ Kg3 52.Ng5 Rxb2+ 53.Kd3 a5 54.Kc4 b5+ 55.Kd3  1/2-1/2

[Event "Barbera op"]
[Site "Barbera"]
[Date "1997.??.??"]
[Round "5"]
[White "Yepes Martinez, Eduard"]
[Black "Bravo, Narciso"]
[Result "1/2-1/2"]
[WhiteElo "2300"]
[BlackElo "2230"]

1.d4 d5 2.c4 c6 3.Nc3 dxc4 4.a4 Nf6 5.Nf3 Bf5 6.e3 e6 7.Bxc4 Bb4 8.O-O O-O
9.Qe2 Bg6 10.Ne5 Nbd7 11.Nxg6 hxg6 12.Rd1 Qe7 13.e4 e5 14.d5 Nb6 15.dxc6 bxc6
16.Bg5 Qc5 17.Bb3 Bxc3 18.Rac1 Qb4 19.Rxc3 Qxe4 20.Re3 Qb4 21.Qc2 c5 22.Bxf6 c4
23.Qe4 gxf6 24.a5 Qxa5 25.Rg3 cxb3 26.Rxg6+ fxg6 27.Qxg6+ Kh8 28.Qh6+ Kg8
29.Qg6+  1/2-1/2

[Event "Regionalliga SO9697"]
[Site "Bayern"]
[Date "1997.??.??"]
[Round "?"]
[White "Knechtel, Roland"]
[Black "Stumpf, Heinz"]
[Result "0-1"]
[WhiteElo "2125"]
[BlackElo "2345"]

1.d4 d5 2.c4 c6 3.Nf3 Nf6 4.Nc3 dxc4 5.a4 Bf5 6.Ne5 Nbd7 7.Nxc4 Nb6 8.Ne5 a5
9.f3 Nfd7 10.Nxd7 Nxd7 11.e4 Bg6 12.Be3 Qb6 13.Qd2 e5 14.dxe5 Bc5 15.Bxc5 Nxc5
16.Bc4 Rd8 17.Qf2 Qb4 18.Qe2 Rd4 19.Ba2 Bxe4 20.O-O Bd3 21.Qe3 Bxf1 22.e6 fxe6
23.Rxf1 Rd3 24.Qg5 Qd4+ 25.Kh1 O-O 26.Qe7 Qd6 27.Qh4 Rd4 28.Qh3 Rf6 29.Qh5 Rh6
30.Qe8+ Qf8 31.Qxf8+ Kxf8 32.Rb1 Rd2 33.Bc4 Rh4 34.b3 Rhd4 35.Kg1 h5 36.Re1 Rc2
37.Re3 Rdd2 38.Ne2 h4 39.Kf2 Rxc4 40.bxc4 Nd3+ 41.Rxd3 Rxd3 42.Nf4 Rc3 43.Nxe6+ Kg8
44.Nd8 Rxc4 45.Nxb7 Rxa4 46.Nd6 Ra2+ 47.Kf1 a4 48.Nf5 a3 49.Ne7+ Kh7 50.Nxc6 Rb2  0-1

[Event "Regionalliga SO9798"]
[Site "Bayern"]
[Date "1997.??.??"]
[Round "?"]
[White "Schmid, Franz"]
[Black "Rohrmeier, Martin"]
[Result "1-0"]
[WhiteElo "2055"]
[BlackElo "1750"]

1.d4 d5 2.c4 c6 3.Nf3 Nf6 4.Nc3 dxc4 5.a4 Bf5 6.Ne5 Nbd7 7.Nxc4 Qc7 8.Bg5 e6
9.f3 Bb4 10.e4 Bg6 11.Qb3 a5 12.g3 Nh5 13.Kf2 e5 14.Bh3 Rb8 15.Bxd7+ Qxd7
16.dxe5 b5 17.axb5 cxb5 18.Nxa5 Bc5+ 19.Kg2 h6 20.Rhd1 Qc7 21.Qxb5+ Rxb5
22.Nxb5 Qb6 23.Rd8+ Qxd8 24.Bxd8 Kxd8 25.Nb7+ Kd7 26.Nxc5+ Kc6 27.Nd3 Kxb5
28.g4 Rd8 29.gxh5 Bxe4 30.Nf2 Bb7 31.Ra7 Kb6 32.Ra3 Rd2 33.Rb3+ Kc7 34.Kg3 Bd5
35.Rd3 Rxd3 36.Nxd3 Kd7 37.Kf4 Kc6 38.Nb4+  1-0

[Event "Oberliga Bayern9697"]
[Site "Bayern"]
[Date "1997.??.??"]
[Round "?"]
[White "Taggatz, Mario"]
[Black "Olbrich, Marina"]
[Result "1-0"]
[WhiteElo "2250"]
[BlackElo "2310"]

1.d4 d5 2.c4 c6 3.Nf3 Nf6 4.Nc3 dxc4 5.a4 Bf5 6.Ne5 Nbd7 7.Nxc4 Qc7 8.g3 e5
9.dxe5 Nxe5 10.Bf4 Rd8 11.Qc1 Bd6 12.Nxd6+ Qxd6 13.Bg2 Qe6 14.O-O Nc4 15.e4 Bh3
16.Nd5 cxd5 17.exd5 Nxd5 18.Re1 Nce3 19.Bxe3 Bxg2 20.Bg5 Be4 21.Bxd8 Kxd8
22.Qc4 Re8 23.Rad1 f5 24.f3 Qc6 25.Rxe4 fxe4 26.Rxd5+ Ke7 27.Re5+ Kd8 28.Qxc6 bxc6
29.Rxe8+ Kxe8 30.fxe4 Ke7 31.Kf2 Kd6 32.b4 Ke5 33.Ke3 g6 34.Kd3 g5 35.Ke3 a6
36.Kd3 h5 37.h4 g4 38.Ke3 Ke6 39.Kf4 Kf6 40.e5+ Ke6 41.Ke4  1-0

[Event "BEL-chT9697"]
[Site "BEL"]
[Date "1997.??.??"]
[Round "6"]
[White "Lazarev, Vladimir"]
[Black "Paavilainen, Jorma"]
[Result "1-0"]
[WhiteElo "2455"]
[BlackElo "2330"]

1.d4 d5 2.c4 dxc4 3.Nf3 Nf6 4.Nc3 c6 5.a4 Bf5 6.Ne5 Nbd7 7.Nxc4 Qc7 8.g3 e5
9.dxe5 Nxe5 10.Bf4 Rd8 11.Qc1 Bd6 12.Nxd6+ Qxd6 13.Bg2 O-O 14.O-O Qe6 15.Qe3 Ng6
16.Qxe6 Bxe6 17.Bg5 Rd7 18.Bxf6 gxf6 19.b4 f5 20.f4 Ne7 21.b5 Rc8 22.Rfd1 Rcd8
23.Rdc1 Rd2 24.Kf2 R8d7 25.a5 c5 26.Na4 c4 27.Nc5 Rc7 28.Nxe6 fxe6 29.b6 axb6
30.axb6 Rc5 31.Ra7 Kf7 32.Rxb7 Kf6 33.Rb8 Rb2 34.b7  1-0

[Event "Benasque op"]
[Site "Benasque"]
[Date "1997.??.??"]
[Round "8"]
[White "Etchegaray, Patrice"]
[Black "Ferguson, Mark"]
[Result "0-1"]
[WhiteElo "2275"]
[BlackElo "2390"]

1.d4 d5 2.c4 c6 3.Nf3 Nf6 4.Nc3 dxc4 5.a4 Bf5 6.e3 e6 7.Bxc4 Bb4 8.O-O O-O
9.Qe2 Bg6 10.Ne5 Nbd7 11.Nxg6 hxg6 12.Rd1 Qa5 13.Na2 Qxa4 14.e4 Qa5 15.Nxb4 Qxb4
16.Bd2 Qe7 17.Bg5 e5 18.f4 exd4 19.e5 Qc5 20.exf6 d3+ 21.Qf2 Qxc4 22.fxg7 Kxg7
23.f5 f6 24.Be3 Ne5 25.fxg6 b6 26.Bd4 c5 27.Bc3 Qd5 28.Rf1 Qd6 29.Qh4 Nxg6
30.Qe4 d2 31.Rad1 Rae8 32.Rxf6 Qd4+ 33.Bxd4 Rxe4 34.Rxf8+ Kxf8 35.Bc3 Re2
36.Rxd2 Nf4 37.Kf1 Rxd2 38.Bxd2 Nd3 39.Bc3 b5 40.b3 Nc1 41.Ke1 Nxb3 42.Kd1 a5
43.Kc2 a4 44.Be5 Ke7 45.h4 Ke6 46.Bc3 b4 47.Be1 Nd4+ 48.Kb1 a3 49.h5 b3 50.Bc3 Kf7
51.g4 Nc2 52.g5 a2+ 53.Kc1 c4 54.g6+ Kg8 55.h6 a1=Q+  0-1

[Event "Berliner Sommer"]
[Site "Berlin"]
[Date "1997.??.??"]
[Round "1"]
[White "Volber, Uwe"]
[Black "Rubene, Ilze"]
[Result "1/2-1/2"]
[WhiteElo "1512"]
[BlackElo "2180"]

1.d4 d5 2.c4 c6 3.Nf3 Nf6 4.Nc3 dxc4 5.a4 Bf5 6.e3 e6 7.Bxc4 Bb4 8.O-O Nbd7
9.Nd2 O-O 10.f4 Nb6 11.Be2 Bxc3 12.bxc3 Nbd5 13.Nf3 Nxc3 14.Qe1 Nxe2+ 15.Qxe2 Qd5
16.Ne5 Be4 17.Ba3 Rfc8 18.Rfc1  1/2-1/2

[Event "Berliner Sommer"]
[Site "Berlin"]
[Date "1997.??.??"]
[Round "3"]
[White "Loginov, Valery A"]
[Black "Bajarany, Ilgar"]
[Result "1-0"]
[WhiteElo "2550"]
[BlackElo "2380"]

1.Nf3 Nf6 2.c4 c6 3.d4 d5 4.Nc3 dxc4 5.a4 Bf5 6.Ne5 Na6 7.e3 e6 8.Bxc4 Nb4
9.O-O Be7 10.Qe2 Bg6 11.Bd2 Nd7 12.Nxd7 Qxd7 13.Rad1 O-O 14.Bc1 Bf6 15.Kh1 Rad8
16.f4 Qc8 17.e4 Bxd4 18.Qf3 f6 19.Ne2 Bc5 20.Rxd8 Rxd8 21.Qb3 Qc7 22.f5 Be8
23.Nf4 b5 24.Bxe6+ Kh8 25.Qh3 Bf8 26.Ng6+ Bxg6 27.fxg6 h6 28.Qh5 Nd3 29.Be3 Nxb2
30.Bf4 Qe7 31.Bf5 bxa4 32.e5 fxe5 33.Bg3 Rd4 34.Bc2 Nc4 35.Qf3 Rd8 36.Bh4 e4
37.Bxe7 exf3 38.Bxd8 fxg2+ 39.Kxg2 Ne3+ 40.Kf2 Nxc2 41.Ke2 Nd4+ 42.Kd3 Ne6
43.Bc7 Kg8 44.Be5 a3 45.Kc4 a5 46.Rf7 Ng5 47.Rc7 Nf3 48.Bc3 Nxh2 49.Rxc6 Nf3
50.Ra6 Nh4 51.Kd3 Nf5 52.Bxa5 Ne7 53.Ke4 h5 54.Bd8 Nc8 55.Ra8 Nd6+ 56.Kf4  1-0

[Event "Biel op MTO"]
[Site "Biel"]
[Date "1997.??.??"]
[Round "9"]
[White "Chernin, Alexander"]
[Black "Adianto, Utut"]
[Result "1-0"]
[WhiteElo "2640"]
[BlackElo "2610"]

1.d4 Nf6 2.Nf3 d5 3.c4 c6 4.Nc3 dxc4 5.a4 Bf5 6.Ne5 e6 7.f3 Nbd7 8.Nxc4 Be7
9.e4 Bg6 10.Be3 O-O 11.Be2 Nb6 12.Nd2 Rc8 13.O-O Bb4 14.Kh1 c5 15.dxc5 Nbd7
16.Nb5 Nxc5 17.Nxa7 Rc7 18.Nb3 Rd7 19.Qc2 Ncxe4 20.fxe4 Nxe4 21.Qc4 Bd6 22.Nb5 Be5
23.Bf4 Bxb2 24.Ra2 Bf6 25.Bf3 Nc3 26.Nc5 Rd3 27.Raf2 Nd1 28.Bxd1 Rxd1 29.Rxd1 Qxd1+
30.Rf1 Rd8 31.Nxb7 Rd3 32.Qc8+ Bd8 33.Kg1  1-0

[Event "Bled op18th"]
[Site "Bled"]
[Date "1997.??.??"]
[Round "8"]
[White "Osterman, Rudolf"]
[Black "Hess, Christian"]
[Result "1/2-1/2"]
[WhiteElo "2410"]
[BlackElo "2290"]

1.d4 d5 2.c4 c6 3.Nf3 Nf6 4.Nc3 dxc4 5.a4 Bf5 6.e3 e6 7.Bxc4 Bb4 8.O-O O-O
9.Qe2 Nbd7 10.e4 Bg6 11.e5 Nd5 12.Nxd5 cxd5 13.Bd3 Rc8 14.Bxg6 hxg6 15.Be3 a6
16.Ng5 Be7 17.h4 Bxg5 18.hxg5 Qb6 19.g3 Qb3 20.Ra3 Qc2 21.Qxc2 Rxc2 22.Rb3 Rc7
23.a5 Nb8 24.Bd2 Nc6 25.Bc3 Rfc8 26.Ra1 Na7 27.Kf1 Nb5 28.Rd1 Rc4 29.Rd3 Kf8
30.Bb4+ Ke8 31.Bc5 Ra4 32.g4 Rc7 33.Bb6 Rc1+ 34.Kg2 Raa1 35.Rh3 Rg1+ 36.Kf3 Rh1
37.Rxh1 Rxh1 38.Kg2 Rh4 39.f3 Kd7 40.Rd3 Rh8 41.Rd1 Rc8 42.Bc5 Kc6 43.Kg3 Nc7
44.f4 Kb5 45.b4 Na8 46.Rf1 b6 47.axb6 Nxb6 48.f5 Na4 49.fxe6 Nxc5 50.bxc5 fxe6
51.Rb1+ Kc4 52.Rb6 Re8 53.c6 Kxd4 54.c7 Rc8 55.Rxe6 Rxc7 56.Rxa6 Kxe5 57.Rxg6 d4
58.Kf3 Rf7+ 59.Ke2 Kf4 60.Rd6 Kxg5 61.Rxd4 Rf4 62.Rd7 g6 63.Rd6 Rxg4 64.Kf3 Ra4
65.Kg3 Ra3+ 66.Kg2 Kh5 67.Rd5+ g5 68.Rd4 Rb3 69.Ra4 g4 70.Ra8  1/2-1/2

[Event "Honved-B"]
[Site "Budapest"]
[Date "1997.??.??"]
[Round "11"]
[White "Danner, Georg"]
[Black "Varga, Zoltan"]
[Result "1/2-1/2"]
[WhiteElo "2430"]
[BlackElo "2455"]

1.d4 d5 2.c4 c6 3.Nf3 Nf6 4.Nc3 dxc4 5.a4 Bf5 6.e3 e6 7.Bxc4 Bb4 8.O-O Nbd7
9.Qb3 a5 10.Nh4 O-O 11.Nxf5 exf5 12.Qc2 g6 13.Bd2 Qe7 14.f3 Nb6 15.Bb3 Rad8
16.Rae1 c5 17.dxc5 Qxc5 18.Kh1 Rfe8 19.e4 fxe4 20.fxe4 Nbd7 21.Be3 Qe5 22.Bf4 Qc5
23.Be3 Qe5 24.Bf4 Qc5  1/2-1/2

[Event "Budapest FS06 GM"]
[Site "Budapest"]
[Date "1997.??.??"]
[Round "11"]
[White "Krizsany, Laszlo"]
[Black "Acs, Peter"]
[Result "1/2-1/2"]
[WhiteElo "2435"]
[BlackElo "2420"]

1.d4 d5 2.c4 c6 3.Nf3 Nf6 4.Nc3 dxc4 5.a4 Bf5 6.e3 e6 7.Bxc4 Bb4 8.O-O Nbd7
9.Nh4 Bg6 10.Qb3 a5 11.g3 Qb6 12.Nxg6 hxg6 13.Rd1 O-O 14.Bd2 e5 15.dxe5 Nxe5
16.Be2 Qc7 17.Rac1 Rfd8 18.Be1 Qe7 19.Rxd8+ Rxd8 20.Rd1 Re8 21.Na2 Bxe1 22.Rxe1 Ne4
23.Rd1 g5 24.Nc3 Nf6 25.Rd4  1/2-1/2

[Event "Budapest FS05 IM"]
[Site "Budapest"]
[Date "1997.??.??"]
[Round "13"]
[White "Czebe, Attila"]
[Black "Abbasov, Farid"]
[Result "1-0"]
[WhiteElo "2325"]
[BlackElo "2220"]

1.Nf3 Nf6 2.c4 c6 3.d4 d5 4.Nc3 dxc4 5.a4 Bf5 6.e3 e6 7.Bxc4 Bb4 8.O-O Nbd7
9.Qb3 a5 10.Nh4 Be4 11.f3 Bd5 12.g3 O-O 13.e4 Bxc4 14.Qxc4 Nb6 15.Qd3 c5
16.Be3 cxd4 17.Qxd4 Qxd4 18.Bxd4 Nc4 19.Nb5 Nd2 20.Rfd1 Nb3 21.Rab1 Nxd4
22.Nxd4 Rac8 23.Kf1 Rfd8 24.Ng2 Nd7 25.Ne3 Nb6 26.b3 Kf8 27.Ke2 Ke7 28.Rd3 Rc7
29.Rbd1 Rcd7 30.Nb5 Rxd3 31.Rxd3 Rc8 32.Rd1 Rc5 33.Kd3 Rc8 34.Ke2 Rc5 35.Rb1 Rc8
36.Rb2 Rc1 37.Rc2 Rxc2+ 38.Nxc2 Bc5 39.Ne3 f6 40.Kd3 Kd7 41.Nc4 Nxc4 42.Kxc4 Kc6
43.Nc3 Bg1 44.h3 Bf2 45.g4 g6 46.Ne2 g5 47.Nc1 e5 48.Nd3 Bd4 49.Nc1 Bf2 50.Nd3 Bd4
51.b4 b6 52.Nc1 Bf2 53.Nb3 axb4 54.Kxb4 Be3 55.Na1 Bc5+ 56.Kc4 Bf2 57.Nc2 Bg1
58.Ne1 Bc5 59.Nc2 h6 60.Ne1 Bf8 61.Nd3 Ba3 62.Nf2 Bc5 63.Nh1 Kb7 64.Kb5 Ba3
65.Ng3 Bd6 66.Nf5 Bf8 67.Ne3 Be7 68.Nc4 Bd8 69.Nd6+ Kc7 70.Nf5 Kb7 71.Nxh6 Be7
72.Nf5 Bd8 73.Ne3 Be7 74.Nf5 Bd8 75.h4 gxh4 76.Nxh4 Be7 77.Nf5 Ba3 78.Ne3 Be7
79.Nd5 Bd8 80.Kc4 Kc8 81.Kb4 Kb8 82.Ne3 Kb7 83.Kb5 Be7 84.Nc4 Bd8 85.g5 fxg5
86.Nxe5 Bf6 87.Nc6  1-0

[Event "Buenos Aires op"]
[Site "Buenos Aires"]
[Date "1997.??.??"]
[Round "2"]
[White "Garcia Palermo, Carlos"]
[Black "Fraschini, Mariano"]
[Result "1-0"]
[WhiteElo "2480"]
[BlackElo "2360"]

1.d4 d5 2.c4 c6 3.Nf3 Nf6 4.Nc3 dxc4 5.a4 Bf5 6.Ne5 e6 7.f3 Bb4 8.Nxc4 O-O
9.e4 Nxe4 10.fxe4 Qh4+ 11.Kd2 Qxe4 12.Qf3 Qxd4+ 13.Ke1 Nd7 14.Qe3 e5 15.Bd2 Nc5
16.Ne4 Bxd2+ 17.Nexd2 Qd5 18.b4 Nd3+ 19.Bxd3 Bxd3 20.Nb2 e4 21.g3 Qe5 22.Ra2 Rad8
23.Kf2 Qe6 24.Rha1 f5 25.Kg1 Qe7 26.Ra3 Qf6 27.R1a2 Rfe8 28.h4 h6 29.Nd1 g5
30.hxg5 hxg5 31.Nf2 Kf7 32.Nh3 Kg6 33.Nb3 Rh8 34.Rh2 Rh5 35.Nc5 Bc4 36.Nf2 Rxh2
37.Kxh2 Qb2 38.g4 Rh8+ 39.Kg2 Qb1 40.gxf5+ Kf7 41.Ncxe4 Qf1+ 42.Kg3 Qg1+
43.Kf3 g4+ 44.Kf4 Qh2+ 45.Qg3 Qh6+ 46.Ng5+  1-0

[Event "Goodricke op"]
[Site "Calcutta"]
[Date "1997.??.??"]
[Round "5"]
[White "Gokhale, CS."]
[Black "Mamedova, Rena"]
[Result "1-0"]
[WhiteElo "2360"]
[BlackElo "2220"]

1.d4 d5 2.Nf3 Nf6 3.c4 dxc4 4.Nc3 c6 5.a4 Bf5 6.Ne5 Nbd7 7.Nxc4 Qc7 8.g3 e5
9.dxe5 Nxe5 10.Bf4 Rd8 11.Qc1 Bd6 12.Nxd6+ Qxd6 13.Bg2 O-O 14.O-O Qe6 15.Qe3 Nfd7
16.Qxa7 Qb3 17.Bxe5 Nxe5 18.Qc5 Rde8 19.f4 b6 20.Qd4 c5 21.Qd5 Qxb2 22.Rac1 Bc2
23.Qd2 Nc4 24.Rxc2 Nxd2 25.Rxb2 Nxf1 26.Kxf1 Re3 27.Nd5 Ra3 28.Nxb6 Rb8 29.Bc6 h5
30.Nc4 Ra1+ 31.Kf2 Rxb2 32.Nxb2 Kf8 33.Nc4 Ke7 34.a5 Kd8 35.e4 Kc7 36.Be8 Ra2+
37.Kf3 f6 38.Bxh5 Rxh2 39.Bf7 Kc6 40.Bd5+ Kb5 41.e5 fxe5 42.fxe5 Rh8 43.e6 Kb4
44.a6  1-0

[Event "Goodricke op"]
[Site "Calcutta"]
[Date "1997.??.??"]
[Round "7"]
[White "Murugan, Krishnamoorthy"]
[Black "Ganguly, Surya Shekhar"]
[Result "0-1"]
[WhiteElo "2395"]
[BlackElo "2265"]

1.d4 d5 2.c4 c6 3.Nf3 Nf6 4.Nc3 dxc4 5.a4 Bf5 6.e3 e6 7.Bxc4 Bb4 8.O-O Nbd7
9.Qe2 Bg6 10.e4 Bxc3 11.bxc3 Nxe4 12.Ba3 Qc7 13.Qb2 Nb6 14.Bb3 Nd6 15.Ne5 O-O
16.c4 Nd7 17.d5 exd5 18.cxd5 Nxe5 19.Qxe5 c5 20.Bb2 f6 21.Qg3 Qd7 22.Rfe1 c4
23.Bd1 Ne4 24.Qe3 Rfe8 25.Be2 Qxd5 26.Rad1 Qf7 27.Qd4 Rac8 28.Rc1 c3 29.Bxc3 Nxc3
30.Rxc3 Rxc3 31.Qxc3 Kh8 32.a5 h6 33.f4 Qe6 34.Kf2 Qa2 35.g4 Bf7 36.h4 Bd5
37.g5 fxg5 38.hxg5 hxg5 39.fxg5 Qa4 40.Qg3 Qe4  0-1

[Event "Goodricke op"]
[Site "Calcutta"]
[Date "1997.??.??"]
[Round "9"]
[White "Babu, N Sudhakar"]
[Black "Ganguly, Surya Shekhar"]
[Result "1-0"]
[WhiteElo "2380"]
[BlackElo "2265"]

1.d4 d5 2.c4 c6 3.Nc3 Nf6 4.Nf3 dxc4 5.a4 Bf5 6.Nh4 Bc8 7.Nf3 Bf5 8.Ne5 e6
9.f3 Bb4 10.e4 Bxe4 11.fxe4 Nxe4 12.Bd2 Qxd4 13.Nxe4 Qxe4+ 14.Qe2 Bxd2+ 15.Kxd2 Qd5+
16.Kc3 Na6 17.Nxc4 Rd8 18.Qe5 f6 19.Qe3 Nc7 20.Be2 b5 21.Rad1 bxc4 22.Bxc4 Qa5+
23.b4 Qe5+ 24.Qxe5 fxe5 25.Rde1 Ke7 26.Rxe5 Rd6 27.Ra5 Ra8 28.b5 Nd5+ 29.Kb3 Nb6
30.Be2 cxb5 31.axb5 Rd7 32.Rha1 Nd5 33.Bc4 Nb6 34.Be2 Nd5 35.Bc4 Ne3 36.Be2 Nf5
37.Bc4 Nd6 38.Ra6 Nxc4 39.Kxc4 Rc8+ 40.Rc6 Rdc7 41.Ra6 Rxc6+ 42.bxc6 Rc7
43.Kc5 Kd8 44.Kd6 Re7 45.Ra3 Rf7 46.g3 e5 47.Kxe5 Rc7 48.Kd6 Rf7 49.h3 Rf6+
50.Kc5 a5 51.Rc3 Rf5+ 52.Kd6 Rf7 53.Rb3 Kc8 54.g4 a4 55.Re3 Kd8 56.g5 h6
57.h4 hxg5 58.hxg5 g6 59.Rh3 Rf8 60.Rh4 Kc8  1-0

[Event "Cannes op-B 18th"]
[Site "Cannes"]
[Date "1997.??.??"]
[Round "4"]
[White "Medancic, Rikard"]
[Black "Trommsdorf, Fro"]
[Result "1-0"]
[WhiteElo "2305"]
[BlackElo "2215"]

1.d4 d5 2.c4 c6 3.Nf3 Nf6 4.Nc3 dxc4 5.a4 Bf5 6.e3 e6 7.Bxc4 Bb4 8.O-O O-O
9.Na2 Bd6 10.b4 Qe7 11.b5 a6 12.bxa6 Nxa6 13.Nc3 Ne4 14.Nxe4 Bxe4 15.Nd2 Bg6
16.Bb2 Nc7 17.Be2 b5 18.Bf3 Rab8 19.axb5 Bd3 20.Re1 Bxb5 21.Ne4 Bb4 22.Bc3 Bd6
23.Qd2 Nd5 24.Nxd6 Qxd6 25.Rec1 Rfd8 26.Bb2 Ra8 27.g3 Nb6 28.Bc3 Nd5 29.Ba5 Rd7
30.e4 Ne7 31.Bc7 Rxa1 32.Bxd6 Rxc1+ 33.Qxc1 Rxd6 34.Qa3 Nc8 35.Qc5 Rd7 36.d5 Na7
37.dxe6 fxe6 38.Bg4 Kf7 39.Qh5+ Ke7 40.Qxh7 Kd6 41.Qg8 Bc4 42.f4  1-0

[Event "Chemnitz op"]
[Site "Chemnitz"]
[Date "1997.??.??"]
[Round "4"]
[White "Rogozenko, Dorin"]
[Black "Markov, Jurij"]
[Result "1-0"]
[WhiteElo "2490"]
[BlackElo "2415"]

1.d4 d5 2.c4 c6 3.Nf3 Nf6 4.Nc3 dxc4 5.a4 Bf5 6.Ne5 e6 7.f3 Bb4 8.e4 Bxe4
9.fxe4 Nxe4 10.Bd2 Qxd4 11.Nxe4 Qxe4+ 12.Qe2 Bxd2+ 13.Kxd2 Qd5+ 14.Kc2 Na6
15.Nxc4 O-O-O 16.Qe3 Kb8 17.Be2 Qxg2 18.Rhg1 Qxh2 19.Rxg7 Nb4+ 20.Kb3 Nd5
21.Qe5+ Qxe5 22.Nxe5 f6 23.Nd7+ Ka8 24.Nc5 Rhg8 25.Rag1 Rxg7 26.Rxg7 a5 27.Rxh7 b6
28.Nxe6 Re8 29.Nd4 Re7 30.Rh8+ Kb7 31.Bf3 Nb4 32.Rf8 Rd7 33.Kc4 Rd6 34.Nxc6  1-0

[Event "Chemnitz op"]
[Site "Chemnitz"]
[Date "1997.??.??"]
[Round "6"]
[White "Timoshchenko, Gennadi A"]
[Black "Boehnisch, Manfred"]
[Result "1-0"]
[WhiteElo "2540"]
[BlackElo "2315"]

1.d4 d5 2.c4 c6 3.Nf3 Nf6 4.Nc3 dxc4 5.a4 Bf5 6.Ne5 e6 7.f3 c5 8.e4 cxd4
9.exf5 Bb4 10.Bxc4 dxc3 11.Qxd8+ Kxd8 12.O-O Ke7 13.fxe6 fxe6 14.bxc3 Bd6
15.Re1 Rc8 16.Ba2 Rxc3 17.Bd2 Rc2 18.Nc4 Bc5+ 19.Kf1 Nc6 20.Bb3 Nd4 21.Bxc2 Nxc2
22.Rab1 Nxe1 23.Rxb7+ Kf8 24.Bxe1 Rd8 25.Rc7 Rd5 26.a5 Nd7 27.Ke2 Ke7 28.Bc3 g6
29.Ne3 Rd6 30.Nc4 Rd5 31.Ne3 Rd6 32.Rc8 Ra6 33.Rg8 Rc6 34.Rg7+ Ke8 35.Bd2 Nf6
36.Ng4 Nxg4 37.fxg4 Be7 38.Rxh7 Rc2 39.Kd3 Ra2 40.Rh8+ Kd7 41.Ra8 Bc5 42.Rg8 Kc6
43.h4 Kd5 44.Rd8+ Kc6 45.h5 gxh5 46.gxh5 Be7 47.Re8  1-0

[Event "KS Sommerskak op"]
[Site "Copenhagen"]
[Date "1997.??.??"]
[Round "?"]
[White "Hoi, Carsten"]
[Black "Ostergaard, Rasmus"]
[Result "1-0"]
[WhiteElo "2425"]
[BlackElo "2180"]

1.d4 d5 2.Nf3 Nf6 3.c4 c6 4.Nc3 dxc4 5.a4 Bf5 6.e3 e6 7.Bxc4 Bb4 8.O-O O-O
9.Qe2 Bg6 10.Rd1 Nbd7 11.Bd3 Bxd3 12.Qxd3 Qa5 13.Ne4 Nxe4 14.Qxe4 Rad8 15.Bd2 Bxd2
16.Nxd2 Rfe8 17.Nc4 Qb4 18.Qc2 Rc8 19.Qc3 Qe7 20.Qa3 Qxa3 21.Rxa3 Red8 22.Kf1 Nf6
23.Rb3 Rc7 24.Rc1 Kf8 25.Ke2 Ke7 26.f3 Nd5 27.g3 f6 28.e4 Nb6 29.Nxb6 axb6
30.Rc4 c5 31.Rbc3 Rcd7 32.Rb3 Rxd4 33.Rxd4 Rxd4 34.Rxb6 Rxa4 35.Rxb7+ Kd6
36.Kd3 g5 37.Rb6+ Ke7 38.Rb7+ Kd6 39.Rxh7 Rb4 40.Kc3 g4 41.Rf7 gxf3 42.Rxf6 Ke5
43.Rxf3 Kxe4 44.Rf6 e5 45.h4 Rd4 46.Rg6 Kf3 47.h5 e4 48.h6 e3 49.h7 e2 50.Rf6+ Ke3
51.Re6+ Re4 52.Rxe4+  1-0

[Event "Cseppko op"]
[Site "Cseppko"]
[Date "1997.??.??"]
[Round "9"]
[White "Csizmadia, Laszlo"]
[Black "Dudas, Janos"]
[Result "1/2-1/2"]
[WhiteElo "2145"]
[BlackElo "2410"]

1.d4 d5 2.c4 c6 3.Nf3 Nf6 4.Nc3 dxc4 5.a4 Bf5 6.e3 Na6 7.Bxc4 Nb4 8.O-O e6
9.Qe2 Ne4 10.Nxe4 Bxe4 11.Bd2 a5 12.Ne5 Bd6 13.Nd3 Nxd3 14.Bxd3 Bxd3 15.Qxd3 O-O
16.Rfd1 Qb6 17.e4 Rad8 18.Qc4 Rd7 19.Bc3 Rfd8 20.Rd3 Qc7 21.h3 Bb4 22.Rad1 Qd6
23.g3 g6 24.Kg2 Kf8 25.Kf1  1/2-1/2

[Event "CZE-chT1b 9697"]
[Site "CZE"]
[Date "1997.??.??"]
[Round "?"]
[White "Hajek, Jiri"]
[Black "Sabol, Marian"]
[Result "1/2-1/2"]
[WhiteElo "2200"]
[BlackElo "2230"]

1.d4 Nf6 2.c4 c6 3.Nc3 d5 4.Nf3 dxc4 5.a4 Bf5 6.e3 e6 7.Bxc4 Nbd7 8.O-O Nb6
9.Bd3 Bg4 10.Be2 Nbd5 11.Ne5 Bf5 12.f3 Bg6 13.e4 Nb6 14.Be3 Nfd7 15.Qb3 Qc7
16.Nd3 Bd6 17.f4 h6 18.a5 Nc8 19.g4 Bh7 20.Rf2 Be7 21.f5 exf5 22.gxf5 Bg5
23.Bf4 Bxf4 24.Nxf4 Ne7 25.Bc4 Bg8 26.Nh5 O-O-O 27.Bxf7 g6 28.fxg6 Nxg6 29.Qe6 Bxf7
30.Rxf7 Rhg8 31.Kh1 Nf8 32.Qh3 Qd6 33.Nf6 Rg6 34.Nxd7 Nxd7 35.d5 Kb8 36.dxc6 Qxc6
37.Qf5 Rd6 38.Nd5 Nc5 39.Re7 Nxe4 40.Qxe4 Rxd5 41.Re1 Rd1 42.Qxc6 Rxe1+ 43.Rxe1 bxc6  1/2-1/2

[Event "CZE-chT2 9697"]
[Site "CZE"]
[Date "1997.??.??"]
[Round "?"]
[White "Haba, Zdenek"]
[Black "Masek, Miroslav"]
[Result "1/2-1/2"]
[WhiteElo "2280"]
[BlackElo "2130"]

1.d4 d5 2.c4 c6 3.Nf3 Nf6 4.Nc3 dxc4 5.a4 Bf5 6.e3 e6 7.Bxc4 Bb4 8.O-O Nbd7
9.Qe2 Bg6 10.Ne5 Nxe5 11.dxe5 Bh5 12.Qc2 Nd7 13.f4 O-O 14.Ne2 Bxe2 15.Bxe2 Qb6
16.Bd3 h6 17.Kh1 Nc5 18.Bc4 Rad8 19.e4 Qa5 20.Be3 Bd2 21.Bg1 Nd7 22.Rad1 Bb4
23.f5 Nxe5 24.fxe6 fxe6 25.Bxe6+ Kh8 26.Rf5 Rxf5 27.exf5 Rxd1 28.Qxd1 Be7
29.h3 Kh7 30.Qh5 Qd8 31.Bh2 Bf6 32.Bf4 Qf8 33.Qe2 Qc5 34.Be3 Qb4 35.Bxa7 Qxa4
36.Bb8 Qb5 37.Qxb5 cxb5 38.b3 Nc6 39.Bd6 h5 40.g4 hxg4 41.hxg4 Kh6 42.Kg2 Kg5
43.Kf3 Ne5+ 44.Bxe5 Bxe5 45.Ke4 Bc3  1/2-1/2